000 00444nam a2200121Ia 4500
008 170221s9999 xx 000 0 und d
100 _aStephen Turner
245 _aOpen-source software business models that create value
245 _cStephen Turner, Known-Quantity.com, part of Turner & Associates, Inc.
260 _bJournal of Management and Marketing Research
650 _xBusiness
856 _uhttp://www.aabri.com/manuscripts/152159.pdf
999 _c307758
_d307758